The coroplastic art of ancient Cyprus

Αποθηκεύτηκε σε:
Λεπτομέρειες βιβλιογραφικής εγγραφής
Κύριος συγγραφέας: Καραγεώργης, Βασίλης Π.
Μορφή: Βιβλίο
Γλώσσα:English
Δημοσίευση: Nicosia : A.G. Leventis Foundation, c1991
Θέματα:
Ετικέτες: Προσθήκη ετικέτας
Δεν υπάρχουν, Καταχωρήστε ετικέτα πρώτοι!

MARC

LEADER 00000cam a2200000 i 4500
001 1/48093
008 070712s1991 eng d
020 |a 9963-560-16-4 (τ.1)  |z 963-560-18-0 
020 |a 9963-560-18-0 (τ.2) 
020 |a 9963-560-19-9 (τ.3) 
035 |l 10088824 
040 |a GR-MY-UA  |b gre  |e aacr 
041 0 |a eng 
082 0 |a 939.3  |2 (22) 
100 1 |a Καραγεώργης, Βασίλης Π. 
245 1 4 |a The coroplastic art of ancient Cyprus /  |c Vassos Karageorghis 
260 |a Nicosia :   |b A.G. Leventis Foundation,   |c c1991 
300 |a 6 τ.;  |b εικ.;  |c 31 εκ. 
505 0 |a τ.1. Chalcolithic - late Cypriote I.- τ.2. Late Cypriote II - Cypro-geometric III.- τ.3. The Cypro-archaic period: large and medium size sculpture.- τ.4. The Cypro-Archaic period : small male figurines.- τ.5. The Cypro-Archaic period : small female figurines. A. Handmade/Wheelmade figurines ; B. Figurines moules.- τ.6. The Cypro-Archaic period : monsters, animals, and miscellanea 
650 0 0 |a Archaeology  |z Cyprus. 
650 0 0 |a Terra-cotta sculpture, Cypriote. 
650 0 0 |a Excavations (Archaeology)  |z Cyprus. 
651 0 |a Cyprus  |x Antiquities. 
852 |a INST  |b RHODES  |e 20070712  |h 939.3 ΚΑΡ  |p 005400026432  |q 005400026432  |t BK  |y 0  |z τ.1 
852 |a INST  |b RHODES  |e 20070713  |h 939.3 ΚΑΡ  |p 005400026433  |q 005400026433  |t BK  |y 0  |z τ.2 
852 |a INST  |b RHODES  |e 20070713  |h 939.3 ΚΑΡ  |p 005400026434  |q 005400026434  |t BK  |y 0  |z τ.3 
852 |a INST  |b RHODES  |e 20070712  |h 939.3 ΚΑΡ  |p 005400026432  |q 005400026432  |t BK  |v τ.1:  |y 0  |z τ.1 
852 |a INST  |b RHODES  |e 20070713  |h 939.3 ΚΑΡ  |p 005400026433  |q 005400026433  |t BK  |v τ.2:  |y 0  |z τ.2 
852 |a INST  |b RHODES  |e 20070713  |h 939.3 ΚΑΡ  |p 005400026434  |q 005400026434  |t BK  |v τ.3:  |y 0  |z τ.3 
853 |a INST  |b RHODES  |h 939.3 ΚΑΡ 
901 |a BIBL4-2007-2 
909 |a Ρ  |b 128041 
909 |a Ρ  |b 128042 
909 |a Ρ  |b 128043 
970 |a ΧΑΡΙΟΠΟΛΙΤΟΥ  |b ΚΩΝΣΤΑΝΤΙΝΑ  |z 2007/07/12